Song Lyrics: Rammstein - Puppe - Statistics

General Stats
  • This quiz has been taken 315 times
    314 since last reset
  • The average score is 180 of 247
Answer Stats
Text % Correct
Puppe
95%
ich
94%
Ich
94%
der
92%
Schwester
92%
und
90%
Und
90%
den
88%
Arbeit
86%
nicht
86%
Wenn
85%
zu
85%
zu,
85%
ab,
84%
ab
84%
ab.
84%
Kopf
83%
Schwesterlein
83%
gut.
82%
gut,
82%
mir
82%
sie
82%
Sie
82%
ein.
80%
muss,
80%
reiß'
78%
dann
77%
eine
75%
beiß'
74%
zur
74%
die
73%
Die
73%
geht
73%
im
73%
Zimmer
73%
es
71%
Es
71%
ja,
71%
Ja,
71%
ja!
71%
meine
71%
Hals
69%
bin
68%
Hat
68%
allein.
67%
Bahn.
65%
ist
65%
Medizin
65%
Ihr
64%
mit
63%
Sonne
63%
mich
62%
nebenan.
61%
geschenkt,
60%
bis
58%
fährt
58%
nein!
58%
weit,
58%
nehme
57%
gehen
55%
hier
55%
untergeht.
55%
warte
55%
Wolken
55%
artig
53%
Himmel
53%
das
52%
dunkle
52%
gleich
52%
kommen
52%
schreit.
52%
tot.
52%
zweit.
52%
Am
51%
schließt
51%
auch
50%
manchmal
50%
jetzt
49%
Jetzt
49%
Schaffensplatz
48%
ziehen.
47%
Daunenbett,
45%
garnicht
45%
rot.
45%
einer
44%
Dam,
43%
dam.
43%
dam,
43%
schlug
43%
Schlüsselloch
43%
singen
41%
sehe
40%
Fenster
38%
Licht
38%
Vögel
38%
sehr
34%
fröhnt,
32%
späten
31%
durch's
30%
No matching quizzes found
Score Distribution
Percent of People with Each Score
Percentile by Number Answered
Your Score History
You have not taken this quiz since the last reset